[Event "THA-chT"]
[Site "Bangkok"]
[Date "2015.12.05"]
[Round "3.3"]
[White "Suchato, Jirat"]
[Black "Wattanarat, Pasawon"]
[Result "0-1"]
[WhiteElo "1352"]
[BlackElo "1902"]
[PlyCount "88"]
[EventDate "2015.12.04"]
[EventType "team-swiss"]
[EventRounds "9"]
[EventCountry "THA"]
[SourceTitle "EXT 2017"]
[Source "ChessBase"]
[SourceDate "2016.10.25"]
[SourceVersion "1"]
[SourceVersionDate "2016.10.25"]
[SourceQuality "1"]
[WhiteTeam "Assumption Association"]
[BlackTeam "Chulalongkorn Univ"]
[WhiteTeamCountry "THA"]
[BlackTeamCountry "THA"]

1. d4 Nf6 2. c4 e6 3. Nc3 d5 4. Bg5 Nbd7 5. e3 c6 6. Nf3 Bd6 7. Bd3 dxc4 8. Bxc4 b5 9. Bd3 Bb7 10. e4 Be7 11. Qc2 h6 12. Bf4 a6 13. 0-0 0-0 14. Qd2 c5 15. e5 Nh7 16. Ne4 c4 17. Bc2 f5 18. Ng3 g5 19. Nh5 Qe8 20. Ng3 gxf4 21. Qxf4 Ng5 22. h4 Nxf3+ 23. gxf3 Kh7 24. Nxf5 exf5 25. Bxf5+ Rxf5 26. Qxf5+ Qg6+ 27. Qxg6+ Kxg6 28. Kg2 Rf8 29. Rae1 Rxf3 30. Kh2 Nf8 31. Re3 Rf4 32. Rg3+ Kf7 33. Rd1 Bd5 34. b3 Bxh4 35. Rh3 Rxf2+ 36. Kg1 Rg2+ 37. Kf1 Ng6 38. bxc4 bxc4 39. Rc1 Rxa2 40. Rcc3 Bg2+ 41. Kg1 Bxh3 42. Rxh3 Bf2+ 43. Kf1 Bxd4 44. Rf3+ Ke7 0-1